Ekonomika eurozóny v dlhopisovej a úrokovej pasci

Predmet podnikania bankového sektora. Dlhopisy zadlžených členských štátov eurozóny. Európsky záchranný systém finančného trhu takzvaný euroval. Návrhy na zavedenie bankovej dane z bankových transakcií. Nerovnováha obchodných bilancií. Významnejšia úloha čínskej ekonomiky.

Salvato in:
Dettagli Bibliografici
Autore principale: Hölcz, Róbert
Natura: Capitolo di libro
Lingua:slovacco
Soggetti:
Tags: Aggiungi Tag
Nessun Tag, puoi essere il primo ad aggiungerne!!

MARC

LEADER 00000naa a2200000 4500
001 0119269
005 20231006123651.7
041 0 |a slo 
044 |a SK 
245 1 0 |a Ekonomika eurozóny v dlhopisovej a úrokovej pasci  |c Róbert Hölcz 
520 |a Predmet podnikania bankového sektora. Dlhopisy zadlžených členských štátov eurozóny. Európsky záchranný systém finančného trhu takzvaný euroval. Návrhy na zavedenie bankovej dane z bankových transakcií. Nerovnováha obchodných bilancií. Významnejšia úloha čínskej ekonomiky. 
610 2 0 |a Európska únia 
610 2 0 |a eurozóna 
610 2 0 |a banky centrálne 
610 2 0 |a trh finančný 
610 2 0 |a bezpečnosť ekonomická 
610 2 0 |a bilancia obchodná 
610 2 0 |a dlhy štátne 
610 2 0 |a dlhy verejné 
610 2 0 |a dohľad bankový 
610 2 0 |a spolupráca medzinárodná 
100 1 |a Hölcz, Róbert